Visiones de la pobreza en Costa Rica /

Gespeichert in:
Bibliographische Detailangaben
1. Verfasser: Rodríguez Sancho, Javier
Weitere Verfasser: coord
Format: Text
Sprache:Spanish
Veröffentlicht: México, D.F.: UNAM
Schlagworte:
Tags: Tag hinzufügen
Keine Tags, Fügen Sie den ersten Tag hinzu!

MARC

LEADER 00000 a a2200000 04500
001 39864
003 cru IIS
005 20230424124849.0
008 230424b |||||||| |||| 00| 0 spa d
020 |a 978-607-2-00332-3  
040 |c CRAI/IIS 
090 |a 0001 S232c  
100 |a Rodríguez Sancho, Javier  |9 10060 
245 |a Visiones de la pobreza en Costa Rica /  |c Javier Rodríguez Fernández 
260 |a México, D.F.:   |b UNAM  
300 |a 203-226 p.  
650 0 |9 143  |a ECONOMIA 
650 0 |9 2122  |a DESARROLLO SOCIAL 
650 0 |9 83  |a DEMOCRACIA 
651 0 |9 32  |a COSTA RICA 
700 |a coord.  
773 0 |0 9371  |9 8697  |a Santana, Adalberto   |d México, D.F.: UNAM 2008  |o 06819  |t Costa Rica en los inicios del siglo XXI /  |w (cru CIDCAS/IIS)39858  |z 978-607-2-00332-3  
942 |2 ddc  |c LI 
999 |c 44883  |d 44883